| 000 | 00000nam##2200000za#4500 |
| 001 | 9.649010 |
| 003 | CaOODSP |
| 005 | 20200401060231 |
| 007 | ta |
| 008 | 150407|2003||||xxc||||| f|0| 0 eng|d |
| 040 | |aCaOODSP|beng |
| 043 | |an-cn--- |
| 086 | 1 |aRC31-17/2003E |
| 110 | 1 |aCanada.|bIndian Claims Commission. |
| 245 | 10|aMississaugas of the New Credit First Nation Inquiry, Toronto Purchase Claim / |cPanel: Commissioner Daniel J. Bellegarde. |
| 246 | 1 |aMississaugas of the New Credit First Nation: Report on: Toronto Purchase Claim |
| 260 | |aOttawa - Ontario : |bIndian Claims Commission |c2003. |
| 300 | |a[2], 31, [4]p. : |bcoloured map ; |c28 cm. |
| 563 | |aSpiral binding |
| 590 | |a03-39|b2003-09-26 |
| 690 | 07|aIndigenous peoples|2gcpds |
| 690 | 07|aClaims|2gcpds |
| 775 | 08|tEnquête sur la Première Nation des Mississaugas de la New Credit, revendication relative à l'achat de Toronto / |w(CaOODSP)9.682241 |
| 776 | 0#|tMississaugas of the New Credit First Nation Inquiry, Toronto Purchase Claim / |w(CaOODSP)9.686678 |